00329nam a2200133Ia 4500008004100000020001500041041001200056100001200068245003500080250000800115260004900123300000800172650001500180221030s9999 xx 000 0 und d a8122415315 aEnglish aM. Khan 0aConsumer Behaviourcby M. Khan a2nd bNew Age International Pub.aNew Delhic2015 a229 aManagement